[Event "GP"]
[Site "Izmir TUR"]
[Date "2002.09.01"]
[Round "5"]
[White "Duman,A"]
[Black "Bratanov,Z"]
[Result "0-1"]
[WhiteElo "2155"]
[BlackElo "2438"]

1.e4 d6 2.d4 Nf6 3.Nc3 e5 4.Nf3 Nbd7 5.Bc4 Be7 6.Ng5 O-O 7.Bxf7+ Rxf7 8.Ne6 Qe8
9.Nxc7 Qd8 10.Nxa8 b6 11.dxe5 Nxe5 12.Nd5 Nxd5 13.Qxd5 Bh4 14.Be3 Bb7 15.Qe6 Qxa8
16.O-O-O Be7 17.f3 Qb8 18.Rd2 Qc7 19.b3 d5 20.Rhd1 dxe4 21.Kb1 Bc8 22.Qd5 Bb7
23.Qe6 Bc8 24.Qd5 Nc6 25.Qxe4 Nb4 26.g4 Rf8 27.a3 Nc6 28.Qc4+ Kh8 29.b4 b5
30.Qxb5 Ne5 31.Bf4 Nc4 32.Bxc7 Nxa3+ 33.Kb2 Nxb5 34.Be5 Be6 35.Rd7 Re8 36.Rb7 a6
37.Rb6 Bc4 38.Rd7 Bxb4 39.Bxg7+ Kg8 40.Bf6 Ba3+  0-1

[Event "GP"]
[Site "Izmir TUR"]
[Date "2002.09.01"]
[Round "5"]
[White "Bojkov,D"]
[Black "Gelashvili,T"]
[Result "0-1"]
[WhiteElo "2448"]
[BlackElo "2551"]

1.e4 d6 2.d4 Nf6 3.Nc3 Nbd7 4.Nf3 e5 5.Bc4 Be7 6.O-O O-O 7.Re1 c6 8.a4 a5
9.h3 h6 10.b3 Re8 11.Bb2 exd4 12.Qxd4 Ne5 13.Nxe5 dxe5 14.Qe3 Bb4 15.Red1 Qe7
16.Ne2 Bc5 17.Qd3 Nh7 18.Ng3 Qf6 19.Kh2 Ng5 20.Rf1 Ne6 21.Bxe6 Qxe6 22.Rad1 b6
23.Nf5 Ba6 24.c4 Bf8 25.f4 f6 26.Qg3 exf4 27.Nxh6+ Kh7 28.Rxf4 Rad8 29.Rxd8 Rxd8
30.Bxf6 Rd7 31.Ng4 Rf7 32.Be5 b5 33.Rxf7 Qxf7 34.cxb5 cxb5 35.Qd3 Qe8 36.Bf4 Qc6
37.e5+ Kg8 38.axb5 Bxb5 39.Qf5 g6 40.Qg5 Qe6 41.h4 Be2 42.Nf6+ Kf7 43.h5 Bd3
44.h6 Qxb3 45.Nd7 Be7 46.Qg3 Bc2 47.Qf2 Bf5 48.e6+ Qxe6 49.Qd4 g5 50.Qg7+ Ke8
51.Bxg5 Bxg5 52.Qxg5 Kxd7 53.g4 Qe2+ 54.Kg3 Qe5+ 55.Qf4 Qe1+ 56.Qf2 Qc3+
57.Qf3 Qc7+ 58.Kh4 Bc2 59.Qd5+ Ke7 60.Qg5+ Ke6 61.Qg8+ Kd6 62.g5 a4 63.Qf8+ Kd5
64.g6 Qh2+ 65.Kg4 Qg2+ 66.Kh4 Qe4+ 67.Kg3 Qxg6+ 68.Kf2 Qf5+  0-1

[Event "IM"]
[Site "Kostrena CRO"]
[Date "2002.09.01"]
[Round "3"]
[White "Dumpor,A"]
[Black "Topalovic,Z"]
[Result "1-0"]
[WhiteElo "2376"]
[BlackElo "2260"]

1.e4 d6 2.d4 Nf6 3.Nc3 e5 4.f4 exd4 5.Qxd4 Nc6 6.Bb5 g6 7.Nf3 Bg7 8.O-O O-O
9.Bxc6 bxc6 10.Qc4 c5 11.e5 Ng4 12.Rd1 Bb7 13.Nd5 dxe5 14.fxe5 Nxe5 15.Nxe5 Bxe5
16.Qxc5 Re8 17.Bf4 Bxb2 18.Rab1 Re2 19.Rxb2 Bxd5 20.Kf1 Re4 21.Kg1 Rxf4 22.Rxd5 Qf6
23.Rb1 Re8 24.Qxc7 Rf2 25.Qc5 Rfe2 26.Rdd1 h5 27.Rf1 Qh4 28.Qd5 R8e7 29.Rb8+ Kg7
30.Qa8 Qd4+ 31.Kh1 Kh7 32.Rbb1 Rxc2 33.Qf8 Qd5 34.Rf3 Rec7 35.Rbf1 Rc1 36.a3 Rxf1+
37.Rxf1 a5 38.h3 Rb7 39.Kg1 Qd4+ 40.Kh1 Qd5 41.Kg1 Qd4+ 42.Kh1 Qd5 43.Kg1 f5
44.Re1 Qd4+ 45.Kh1 Qg7 46.Qd8 Qc7 47.Qf8 Qd7 48.Qf6 a4 49.Qf8 Qf7 50.Qd8 Rd7
51.Qa8 Ra7 52.Qd8 Qd7 53.Qf8 Rb7 54.Qf6 Qg7 55.Qc6 Ra7 56.Qe8 Qf6 57.Re6 Qa1+
58.Kh2 Qg7 59.Re1 Kh6 60.Kh1 Rd7 61.Kh2 Qd4 62.Qf8+ Kg5 63.Kh1 Kh4 64.Rf1 Rb7
65.Qh6 g5 66.g3+ Kxh3 67.Qxh5+ Kxg3 68.Rf3+  1-0

[Event "IM"]
[Site "Kostrena CRO"]
[Date "2002.09.01"]
[Round "4"]
[White "Jurkovic,H"]
[Black "Doric,N"]
[Result "1/2-1/2"]
[WhiteElo "2399"]
[BlackElo "2408"]

1.e4 d6 2.d4 Nf6 3.Nc3 e5 4.Nf3 Nbd7 5.Bc4 Be7 6.O-O O-O 7.Re1 c6 8.a4 b6
9.h3 a6 10.Ba2 Bb7 11.dxe5 Nxe5 12.Bf4 Qc7 13.Qe2 Rfe8 14.Ng5 Rf8 15.Rad1 h6
16.Nf3 b5  1/2-1/2

[Event "ch-RUS"]
[Site "Krasnodar RUS"]
[Date "2002.09.01"]
[Round "6"]
[White "Pridorozhni,A"]
[Black "Hasangatin,R"]
[Result "1-0"]
[WhiteElo "2453"]
[BlackElo "2517"]

1.e4 d6 2.d4 Nf6 3.Nc3 e5 4.Nf3 Nbd7 5.Bc4 Be7 6.O-O O-O 7.Re1 c6 8.a4 b6
9.Bg5 a6 10.dxe5 Nxe5 11.Be2 Nxf3+ 12.Bxf3 Nd7 13.Bxe7 Qxe7 14.g3 Rb8 15.Bg2 b5
16.axb5 axb5 17.Qd2 Ne5 18.b3 Bg4 19.Re3 b4 20.Ne2 Bxe2 21.Qxe2 Ra8 22.Rxa8 Rxa8
23.f4 Ra1+ 24.Bf1 Nd7 25.Qd2 Nf6 26.Qxb4 Qa7 27.Kg2 Ng4 28.Rf3 Rc1 29.Qc3 h5
30.Qxc6 Qd4 31.Kh3 Qg1 32.Qc8+ Kh7 33.Qf5+ Kg8 34.Qxh5 Nf6 35.Qb5 Re1 36.Be2 g6
37.e5 Nh7 38.exd6 Nf6 39.Qd3  1-0

[Event "GP"]
[Site "Izmir TUR"]
[Date "2002.09.03"]
[Round "7"]
[White "Erturan,Y"]
[Black "Bratanov,Z"]
[Result "1-0"]
[WhiteElo "2277"]
[BlackElo "2438"]

1.e4 d6 2.d4 Nf6 3.Nc3 e5 4.Nf3 Nbd7 5.Bc4 Be7 6.O-O O-O 7.Re1 c6 8.a4 a5
9.h3 h6 10.b3 Re8 11.Bb2 exd4 12.Nxd4 Bf8 13.Re3 d5 14.exd5 Rxe3 15.fxe3 Nb6
16.e4 Nxc4 17.bxc4 Qb6 18.Bc1 Bc5 19.Be3 Qb2 20.Nce2 Nxe4 21.Qe1 Qb6 22.Rd1 Bd7
23.Rb1 Qa7 24.Qd1 Re8 25.Qd3 Ng3 26.c3 Nf5 27.Bf2 Nd6 28.Ng3 Qa6 29.Ngf5 cxd5
30.Nxd6 Qxd6 31.Rxb7 Bc6 32.Rb1 dxc4 33.Qd1 Be4 34.Rb2 Bd3 35.g3 Qd7 36.Kh2 Bxd4
37.Bxd4 Qf5 38.Rf2 Qe4 39.Qh5 f6 40.Qxa5 Rb8 41.Qh5 Rb1 42.Rg2 Be2 43.Qxe2 Qc6
44.a5 Ra1 45.Bb6 Qd5 46.Qd2 Qe4 47.Qd8+ Kh7 48.Qd2 Kg8 49.Bg1 Qe5 50.Qd4 Qe6
51.Qb6 Qd5 52.a6 Kh7 53.a7 h5 54.Qd4 Qc6 55.Rd2 Ra5 56.Qb6 Qa4 57.Qb4 Qa1
58.Qxc4 Qe1 59.Qe2  1-0

[Event "ch-RUS"]
[Site "Krasnodar RUS"]
[Date "2002.09.03"]
[Round "8"]
[White "Geller,J"]
[Black "Ovetchkin,R"]
[Result "1-0"]
[WhiteElo "2406"]
[BlackElo "2557"]

1.e4 d6 2.d4 Nf6 3.Nc3 e5 4.dxe5 dxe5 5.Qxd8+ Kxd8 6.Bc4 Be6 7.Bxe6 fxe6
8.Be3 Bd6 9.f3 Nc6 10.O-O-O Ke7 11.Nb5 a6 12.Nxd6 cxd6 13.Ne2 h6 14.Rd2 b5
15.b3 Rac8 16.Kb2 d5 17.Bc5+ Kf7 18.Ng3 Rcd8 19.Ra1 dxe4 20.Rxd8 Rxd8 21.Nxe4 Nxe4
22.fxe4 Rd2 23.Rf1+ Kg6 24.Rf2 Rd1 25.Kc3 Ra1 26.a3 Re1 27.Kd3 h5 28.h3 h4
29.Kd2 Rxe4 30.Be3 b4 31.a4 a5 32.Kd3 Rxe3+ 33.Kxe3 Kg5 34.Ke4 g6 35.Rf8 Nd4
36.Ra8 Nxc2 37.Rxa5  1-0

[Event "ch-RUS"]
[Site "Krasnodar RUS"]
[Date "2002.09.03"]
[Round "8"]
[White "Dashko,A"]
[Black "Hasangatin,R"]
[Result "0-1"]
[WhiteElo "2401"]
[BlackElo "2517"]

1.e4 d6 2.d4 Nf6 3.Nc3 e5 4.Nf3 Nbd7 5.Bc4 Be7 6.h3 O-O 7.Be3 c6 8.Bb3 b5
9.a3 Bb7 10.O-O a6 11.Re1 Qc7 12.Qe2 c5 13.d5 b4 14.axb4 cxb4 15.Na2 a5 16.Nd2 Rfc8
17.c4 bxc3 18.Nxc3 Ba6 19.Qf3 Nc5 20.Bxc5 Qxc5 21.Ra3 Bd8 22.Rc1 Rab8 23.Ra2 Qd4
24.Qe3 Qxe3 25.fxe3 Bd3 26.Bd1 Rb4 27.Bf3 Rcb8 28.Nd1 Bxe4 29.Nxe4 Nxe4 30.Bxe4 Rxe4
31.Rc3 Kf8 32.Rc6 Ke7 33.Kf2 f5 34.Ra6 Reb4 35.Ra7+ R8b7 36.Rxb7+ Rxb7 37.Nc3 Rb4
38.Ke2 e4 39.g4 Kf6 40.gxf5 Kxf5 41.Kd2 Ke5 42.Kc2 Bb6 43.Ra1 Bxe3 44.Rxa5 Bd4
45.Ra8 Bxc3 46.bxc3 Rb7 47.Kd2 Rb2+ 48.Ke3 Rh2 49.Re8+ Kxd5 50.c4+ Kxc4 51.Rxe4+  0-1

[Event "ch-RUS"]
[Site "Krasnodar RUS"]
[Date "2002.09.04"]
[Round "9"]
[White "Frolyanov,D"]
[Black "Pridorozhni,A"]
[Result "1/2-1/2"]
[WhiteElo "2448"]
[BlackElo "2453"]

1.e4 d6 2.d4 Nf6 3.Nc3 e5 4.Nf3 Nbd7 5.Be2 Be7 6.O-O O-O 7.Re1 Re8 8.Bf1 c6
9.a4 b6 10.b3 a6 11.Bb2 Bb7 12.Qd2 Qc7 13.Bd3 b5 14.axb5 axb5 15.Ne2 Rxa1
16.Bxa1 Bf8 17.Ng3 Qb6 18.c4 bxc4 19.Bxc4 exd4 20.Bxd4 c5 21.Ba1 h6 22.Qf4 Qa5
23.Nh5 d5 24.Bxf6 Nxf6 25.Nxf6+ gxf6 26.Bf1 Rxe4 27.Qg3+ Kh8 28.Rd1 Re8 29.Nh4 Bc8
30.h3 Be6 31.Qf4 Qb4 32.Qg3 Be7 33.Ng6+ Kh7 34.Bd3 f5 35.Nxe7 Rxe7 36.Qe5 Kg8
37.Bxf5 c4 38.Ra1 Qb7 39.Qg3+ Kf8 40.Qc3 Kg8 41.Bxe6 Rxe6  1/2-1/2

[Event "VII Open"]
[Site "Cesenatico ITA"]
[Date "2002.09.05"]
[Round "5"]
[White "Benedetti,F"]
[Black "Mrdja,M"]
[Result "0-1"]
[WhiteElo "2223"]
[BlackElo "2370"]

1.e4 d6 2.d4 Nf6 3.Nc3 e5 4.dxe5 dxe5 5.Qxd8+ Kxd8 6.Bg5 Be6 7.O-O-O+ Kc8
8.Nf3 Nbd7 9.a3 Ng4 10.Bh4 Bc5 11.Rd2 f6 12.h3 Nh6 13.Ne1 a6 14.Nd3 Ba7 15.Kb1 Nf7
16.f3 Bd4 17.Nd1 b5 18.Bf2 Bxf2 19.N3xf2 Kb7 20.Ne3 c5 21.Be2 c4 22.Nfd1 Nb6
23.Nc3 Rhd8 24.Rhd1 Rxd2 25.Rxd2 Rd8 26.Kc1 Rd4 27.Bf1 Kc6 28.Ne2 Rxd2 29.Kxd2 Na4
30.Nc3 Nb6 31.g3 Kc5 32.h4 a5 33.Bg2 Nd6 34.Ne2 b4 35.axb4+ axb4 36.c3 Na4
37.Nd1 Kb5 38.Nc1 Kc5 39.Na2 b3 40.Nc1 f5 41.Ke3 fxe4 42.fxe4 Bg4 43.Bf3 Bxf3
44.Kxf3 Kc6 45.Ke3 Kd7 46.Ne2 Nb7 47.Kf3 Nbc5 48.Nc1 h5 49.g4 hxg4+ 50.Kxg4 Ke6
51.Kg5 Nxe4+ 52.Kg6 Ng3 53.Kxg7 Nf5+ 54.Kg6 Nxh4+ 55.Kg5 Nf5 56.Kg4 Nc5 57.Kf3 e4+  0-1

[Event "Kaissa I"]
[Site "Alushta UKR"]
[Date "2002.09.06"]
[Round "8"]
[White "Kaiumov,D"]
[Black "Stjazhkin,V"]
[Result "1-0"]
[WhiteElo "2460"]
[BlackElo "2384"]

1.e4 d6 2.d4 Nf6 3.Nc3 e5 4.Nf3 exd4 5.Nxd4 g6 6.Be3 Bg7 7.f3 O-O 8.Qd2 Nc6
9.O-O-O Nxd4 10.Bxd4 Be6 11.h4 c5 12.Be3 Qa5 13.a3 Rad8 14.Bg5 Rd7 15.Bb5 Rdd8
16.g4 a6 17.Be2 c4 18.h5 Rde8 19.Be3 Nd7 20.Bh6 Bxh6 21.Qxh6 g5 22.Nd5 f6
23.Bxc4 Ne5 24.Bb3 Nd7 25.e5 dxe5 26.Ne7+ Rxe7 27.Bxe6+  1-0

[Event "5th Pyramiden-Franken Cup"]
[Site "Fuerth GER"]
[Date "2002.09.06"]
[Round "7"]
[White "Berg,E"]
[Black "Lorscheid,G"]
[Result "1/2-1/2"]
[WhiteElo "2516"]
[BlackElo "2296"]

1.e4 d6 2.d4 Nf6 3.Nc3 e5 4.Nf3 Nbd7 5.Bc4 Be7 6.O-O O-O 7.a4 c6 8.Qe2 exd4
9.Nxd4 Re8 10.Be3 Bf8 11.f3 d5 12.exd5 Nb6 13.Ba2 Nbxd5 14.Bxd5 Nxd5 15.Nxd5 Qxd5
16.Rad1 Bf5 17.Qf2 Qe5 18.Nxf5 Qxf5 19.Kh1 Re6 20.Rd2 a6 21.Bd4 Rae8 22.Bc3 b5
23.axb5 axb5 24.b3 h6  1/2-1/2

[Event "Poyntner Mem IM"]
[Site "St Poelten AUT"]
[Date "2002.09.08"]
[Round "2"]
[White "Lanc,A"]
[Black "Hangweyrer,M"]
[Result "1-0"]
[WhiteElo "2376"]
[BlackElo "2355"]

1.e4 d6 2.d4 Nf6 3.Nc3 e5 4.Nf3 Nbd7 5.Bc4 Be7 6.O-O O-O 7.Re1 c6 8.a4 b6
9.b3 a6 10.d5 Bb7 11.dxc6 Bxc6 12.Bg5 h6 13.Bxf6 Nxf6 14.Nd5 Bxd5 15.Bxd5 Nxd5
16.Qxd5 Rc8 17.Qd3 Rc5 18.b4 Rc7 19.Qxa6 Rxc2 20.Rec1 Rb2 21.Qc4 d5 22.Qxd5 Qxd5
23.exd5 e4 24.Ne5 Bxb4 25.Nc4 Rb3 26.Nxb6 e3 27.Kf1 Re8 28.fxe3 Rexe3 29.a5 Bc3
30.Ra4 Re8 31.d6 Rd8 32.d7 Kf8 33.a6 Rxb6 34.Rxc3 Rbb8 35.a7 Ra8 36.Rc7 Ke7
37.Rd4  1-0

[Event "TCh-CRO"]
[Site "Medulin CRO"]
[Date "2002.09.09"]
[Round "1"]
[White "Zufic,M"]
[Black "Dizdarevic,E"]
[Result "1/2-1/2"]
[WhiteElo "2349"]
[BlackElo "2526"]

1.e4 d6 2.d4 Nf6 3.Nc3 e5 4.dxe5 dxe5 5.Qxd8+ Kxd8 6.Bg5 Be6 7.f4 exf4 8.Nf3 Kc8
9.e5 Nfd7 10.O-O-O h6 11.Bxf4 g5 12.Bg3 Bg7 13.Re1 Nc6 14.Bb5 Ndb8 15.Rhf1 b6
16.Nd2 a6  1/2-1/2

[Event "TCh-CRO"]
[Site "Medulin CRO"]
[Date "2002.09.09"]
[Round "1"]
[White "Armanda,I"]
[Black "Jovanovic,Zo2"]
[Result "1-0"]
[WhiteElo "2316"]
[BlackElo "2389"]

1.e4 d6 2.d4 Nf6 3.Nc3 Nbd7 4.Bc4 e5 5.Nf3 Be7 6.O-O O-O 7.a4 c6 8.Ba2 b6
9.Re1 Bb7 10.Qe2 b5 11.dxe5 dxe5 12.Rd1 Qc7 13.Nh4 Nc5 14.Nf5 b4 15.Nb1 Ncxe4
16.Nd2 Nxd2 17.Bxd2 Bc5 18.Bg5 Nd5 19.Bxd5 cxd5 20.Bf6 Qb6 21.Bxg7 Rfe8 22.Rd3 Bc8
23.a5 Qc6 24.Nh6+ Kxg7 25.Rg3+ Kf8 26.Qh5 Be6 27.Qh4  1-0

[Event "Poyntner Mem IM"]
[Site "St Poelten AUT"]
[Date "2002.09.09"]
[Round "3"]
[White "Visser,Y"]
[Black "Denk,A"]
[Result "1-0"]
[WhiteElo "2441"]
[BlackElo "2270"]

1.e4 d6 2.d4 Nf6 3.Nc3 c6 4.f4 g6 5.h3 Bg7 6.Nf3 b5 7.a3 O-O 8.Bd3 a6 9.g4 Nfd7
10.e5 c5 11.Be4 Ra7 12.Be3 cxd4 13.Bxd4 Nb6 14.Qe2 Bb7 15.e6 Bxd4 16.Nxd4 Qc8
17.f5 Bxe4 18.Qxe4 Qb7 19.exf7+ Rxf7 20.O-O-O Qxe4 21.Nxe4 N8d7 22.Ng5 Rf6
23.Nc6 Rc7 24.Nxe7+ Kf8 25.Rhe1 Ne5 26.Nxh7+ Kxe7 27.Nxf6 Kxf6 28.Rxd6+  1-0

[Event "TCh-CRO"]
[Site "Medulin CRO"]
[Date "2002.09.10"]
[Round "2"]
[White "Mestrovic,Z"]
[Black "Biti,O"]
[Result "1-0"]
[WhiteElo "2387"]
[BlackElo "2308"]

1.Nc3 Nf6 2.e4 d6 3.d4 c6 4.Nf3 Bg4 5.Be2 e6 6.O-O d5 7.h3 Bxf3 8.Bxf3 Be7
9.g3 O-O 10.Bg2 dxe4 11.Nxe4 Nxe4 12.Bxe4 Nd7 13.c4 Nf6 14.Bg2 Qb6 15.Be3 Rfd8
16.Qc2 Qc7 17.Rac1 Rd7 18.Qa4 Qd8 19.b4 a6 20.Qb3 h6 21.a4 Qf8 22.Rb1 a5
23.b5 c5 24.dxc5 Bxc5 25.Rbd1 Bxe3 26.Qxe3 Rc7 27.Rc1 Rac8 28.b6 Rxc4 29.Bxb7 Nd5
30.Bxd5 exd5 31.b7 Rb8 32.Qa7 Qd8 33.Rfd1 Qc7 34.Rxc4 dxc4 35.Rd7 Qe5 36.Qb6 c3
37.Rc7 h5 38.Qc6 h4 39.Rc8+ Kh7 40.gxh4 g6 41.Qf3 c2 42.Qxf7+ Qg7 43.Qxg7+ Kxg7
44.Rxc2 Rxb7 45.Rc5 Rb4 46.Rxa5 Rxh4 47.Ra8 Rxh3 48.a5 Ra3 49.Kg2 Kf6 50.f3 Ra2+
51.Kg3 Ra1 52.Kg4 Ra4+ 53.f4 Ra1 54.Ra6+ Kg7 55.Kh4 Rh1+ 56.Kg4 Ra1 57.Kf3 Ra4
58.Ke3 Kf7 59.Ra7+ Kf6 60.a6 Ke6 61.Ra8 Kf7 62.Kf3 Kg7 63.Kg4 Ra1 64.Kg3 Ra3+
65.Kh4 Ra1 66.f5 gxf5 67.Kg5 Ra5 68.Ra7+ Kg8 69.Kg6 Kf8 70.Ra8+ Ke7  1-0

[Event "TCh-CRO"]
[Site "Medulin CRO"]
[Date "2002.09.11"]
[Round "3"]
[White "Leventic,I"]
[Black "Tratar,M"]
[Result "1/2-1/2"]
[WhiteElo "2424"]
[BlackElo "2466"]

1.e4 d6 2.d4 Nf6 3.Nc3 e5 4.dxe5 dxe5 5.Qxd8+ Kxd8 6.Bc4 Ke8 7.Nf3 Bd6 8.h3 a6
9.Be3 Nc6 10.Nd2 Nb4 11.O-O-O Ke7 12.Nb3 b6 13.f4 Be6 14.fxe5 Bxe5 15.Nd5+  1/2-1/2

[Event "FSIMA Sept"]
[Site "Budapest HUN"]
[Date "2002.09.12"]
[Round "6"]
[White "Farago,S"]
[Black "Rat,D"]
[Result "1-0"]
[WhiteElo "2252"]
[BlackElo "2345"]

1.e4 d6 2.d4 Nf6 3.Nc3 e5 4.dxe5 dxe5 5.Qxd8+ Kxd8 6.Bg5 Be6 7.O-O-O+ Nd7
8.Nf3 Kc8 9.Bh4 h6 10.Bg3 Bd6 11.Nd2 Nh5 12.Bc4 Nxg3 13.hxg3 Re8 14.Bxe6 Rxe6
15.Nc4 Bc5 16.Rd3 Be7 17.Rhd1 Nc5 18.Rd5 f6 19.f3 a5 20.R5d2 b6 21.a4 Kb7
22.b3 h5 23.Nd5 g6 24.Kb2 Bf8 25.Nde3 Bh6 26.Rd5 Bxe3 27.Nxe3 Rae8 28.c3 Ra8
29.Nc4 Re7 30.Kc2 Kc6 31.Nb2 Ree8 32.R1d2 Re7 33.Nc4 Ree8 34.Ne3 Rh8 35.g4 hxg4
36.Nxg4 Raf8 37.Rd1 Kb7 38.Kb2 Rh4 39.Ne3 Kc8 40.Ka3 Rh2 41.b4 axb4+ 42.cxb4 Ne6
43.a5 Nd4 44.Rc1 bxa5 45.b5 Rh7 46.Ka4 Kb7 47.Rdc5 Ne6 48.Rc6 Nd4 49.R6c4 Rff7
50.Rc5 Rf8 51.Nd5 Rff7 52.R1c3 Rhg7 53.Kxa5 g5 54.Kb4 Ne2 55.Rc2 Nf4 56.R5c3 g4
57.Ne3 gxf3 58.gxf3 Ne6 59.Nc4 Nd4 60.Na5+ Kb6 61.Nc4+ Kb7 62.Ra2 Rg1 63.Na5+ Kc8
64.Kc4 Rb1 65.Nc6 Nxb5 66.Rd3 Nd6+ 67.Kd5 Kd7 68.Ra5 Rf8 69.f4 exf4 70.e5 fxe5
71.Nxe5+ Ke8 72.Ra8+  1-0

[Event "TCh-CRO"]
[Site "Medulin CRO"]
[Date "2002.09.12"]
[Round "4"]
[White "Rasic,D"]
[Black "Armanda,I"]
[Result "1/2-1/2"]
[WhiteElo "2342"]
[BlackElo "2316"]

1.e4 d6 2.d4 Nf6 3.Nc3 e5 4.Nf3 Nbd7 5.Bc4 Be7 6.dxe5 dxe5 7.Bxf7+ Kxf7 8.Ng5+ Kg8
9.Ne6 Qe8 10.Nxc7 Qg6 11.Nxa8 Qxg2 12.Rf1 Nc5 13.f3 Be6 14.Be3 Na6 15.Rf2 Qg1+
16.Kd2 Qxd1+ 17.Rxd1 Kf7 18.Bxa7 Rxa8 19.Be3 Nb4 20.a3 Nc6 21.Kc1 Na5 22.Kb1 Nc4
23.Bc1 Rc8 24.Rd3 Bc5 25.Re2 Be7 26.Re1 h6 27.Red1 g5 28.a4 Bb4 29.Nb5 Na5
30.b3 Nc6 31.Bb2 g4 32.Rf1 Kg6 33.Rg1 Bc5 34.Rg2 h5 35.h3 Be7 36.hxg4 hxg4
37.fxg4 Nxe4 38.Re3 Nf6 39.Bxe5 Nd5 40.Ree2 Bf7 41.c4 Ndb4 42.Bc3 Bc5 43.Re4 Bg8
44.Rf4 Bh7 45.g5 Kh5+ 46.Ka1 Nc2+ 47.Kb2 Ne3 48.Rd2 Bf5 49.Bf6 Nb4 50.Kc3 Nbc2
51.Rh2+ Kg6 52.Rh6+ Kf7 53.Bd4 Bxd4+ 54.Rxd4 Nxd4 55.Kxd4 Nc2+ 56.Kc3 Kg8
57.Nd6 Ne3 58.Kd2 Nf1+ 59.Ke2 Rf8 60.Kxf1 Bc2+ 61.Rf6 Bxb3 62.a5 Ra8 63.Rf5 Ra6
64.Rb5 Ba2 65.Rb2 Rxa5  1/2-1/2

[Event "TCh-CRO"]
[Site "Medulin CRO"]
[Date "2002.09.12"]
[Round "4"]
[White "Kutuzovic,B"]
[Black "Biti,O"]
[Result "1/2-1/2"]
[WhiteElo "2398"]
[BlackElo "2308"]

1.e4 d6 2.d4 Nf6 3.Nc3 c6 4.Nf3 g6 5.Be3 Bg7 6.Qd2 Nbd7 7.Bh6 Bxh6 8.Qxh6 Qa5
9.Bd3 Qh5 10.Qe3 Qa5 11.Qh6 Qh5 12.Qd2 Qa5 13.O-O O-O 14.Nd5 Qd8 15.Nxf6+ exf6
16.Rfe1 Re8 17.h3 Qe7 18.Qh6 Qf8 19.Qf4 Kg7 20.Re2 Nb6 21.Rae1 Be6 22.b3 d5
23.Qd2 a5 24.e5 f5 25.c3 Rec8 26.Rc1 a4 27.b4 Nc4 28.Qe1 b5 29.Nh2 Qe7 30.f4 h5
31.Nf3 Nb6 32.Ng5 Rh8 33.Re3 Rag8 34.Kf2 Kf8 35.Qg1 Ke8 36.g3  1/2-1/2

[Event "FSIMB Sept"]
[Site "Budapest HUN"]
[Date "2002.09.15"]
[Round "9"]
[White "Philipowski,R"]
[Black "Dudas,Jano"]
[Result "1/2-1/2"]
[WhiteElo "2299"]
[BlackElo "2368"]

1.e4 d6 2.d4 Nf6 3.Nc3 e5 4.Nf3 Nbd7 5.Bc4 Be7 6.O-O O-O 7.Qe2 c6 8.a4 a5
9.Rd1 Qc7 10.h3 exd4 11.Nxd4 Re8  1/2-1/2

[Event "TCh-CRO"]
[Site "Medulin CRO"]
[Date "2002.09.15"]
[Round "7"]
[White "Armanda,I"]
[Black "Biti,O"]
[Result "1-0"]
[WhiteElo "2316"]
[BlackElo "2308"]

1.e4 d6 2.d4 Nf6 3.Nc3 c6 4.a4 Qa5 5.Bd2 e5 6.Nf3 Qc7 7.h3 Be7 8.Bc4 O-O
9.dxe5 dxe5 10.O-O Nbd7 11.Qe2 a5 12.Rfe1 Nc5 13.Nh4 Re8 14.Nf5 Ne6 15.Be3 Bb4
16.Qf3 Nf4 17.Qg3 Bxf5 18.exf5 Bxc3 19.bxc3 N6d5 20.Rab1 Kh8 21.Qf3 Nxe3
22.fxe3 Nd5 23.Bxd5 cxd5 24.Qxd5 Rab8 25.c4 Red8 26.Qe4 h6 27.Rb5 Rdc8 28.Rxe5 Qd7
29.f6 gxf6 30.Rh5 Kg7 31.Qf4 Rh8 32.Rf1 Qe6 33.Rf5 Rhe8 34.Rf3 Rbd8 35.Rxf6 Rd1+
36.Kh2 Qe5 37.Rxf7+ Kh8 38.Rf8+ Kh7 39.Rxe8 Qxe8 40.Qf5+ Kh8 41.Qf6+ Kh7
42.Rg3 Rd7 43.e4 Qf7 44.Qxf7+ Rxf7 45.Rb3 Kg6 46.Rb5 Re7 47.Rxa5 Rxe4 48.Rb5 Rxc4
49.Rxb7 Rxa4 50.Rc7 Ra3 51.c3 Ra1 52.Rc8 Rc1 53.Kg3 Rc2 54.Kf3 Kf6 55.Rc6+ Kg7
56.g3 Rc1 57.Kg4 Rd1 58.h4 Rd3 59.Rc7+ Kg8 60.Kf4 Rd1 61.g4 Rf1+ 62.Ke4 Ra1
63.Kf5 Ra5+ 64.Kg6 Ra6+ 65.Kh5 Kh8 66.c4 Kg8 67.c5 Ra4 68.Rc6  1-0

[Event "TCh-CRO"]
[Site "Medulin CRO"]
[Date "2002.09.17"]
[Round "9"]
[White "Jovanovic,Zo2"]
[Black "Biti,O"]
[Result "1/2-1/2"]
[WhiteElo "2389"]
[BlackElo "2308"]

1.e4 d6 2.d4 Nf6 3.Nc3 c6 4.g3 e5 5.Nge2 b5 6.a3 Nbd7 7.Bg2 Be7 8.O-O O-O
9.h3 Bb7 10.b3 a5 11.Bb2 b4 12.Na4 c5 13.d5 c4 14.axb4 axb4 15.c3  1/2-1/2

[Event "ECC"]
[Site "Halkidiki GRE"]
[Date "2002.09.22"]
[Round "1"]
[White "Kindermann,S"]
[Black "Gulbas,C"]
[Result "1-0"]
[WhiteElo "2519"]
[BlackElo "2301"]

1.e4 d6 2.d4 Nf6 3.Nc3 Nbd7 4.Nf3 e5 5.Bc4 Be7 6.O-O O-O 7.a4 c6 8.Re1 b6
9.b3 a6 10.Bb2 Bb7 11.Bd3 Qc7 12.Ne2 Rfe8 13.Ng3 Bf8 14.Qd2 g6 15.a5 b5 16.c4 bxc4
17.Bxc4 h6 18.Rac1 exd4 19.Nxd4 c5 20.Nf3 Rad8 21.Qf4 Bg7 22.Bc3 Ne5 23.Nxe5 dxe5
24.Qf3 Nh7 25.h4 Bc8 26.h5 Ng5 27.Qe2 Ne6 28.hxg6 fxg6 29.Nf5 Kh7 30.Nxg7 Qxg7
31.Bxe6 Bxe6 32.f4 Bxb3 33.Bxe5 Qb7 34.Rxc5 Qa7 35.Qe3 Rd7 36.Kh2 Ba4 37.Rec1 Bb5
38.Qh3 Rf7 39.Rc7  1-0

[Event "ECC"]
[Site "Halkidiki GRE"]
[Date "2002.09.22"]
[Round "1"]
[White "Burgess,G"]
[Black "Solak,D"]
[Result "0-1"]
[WhiteElo "2309"]
[BlackElo "2515"]

1.d4 d6 2.e4 Nf6 3.Nc3 e5 4.Nf3 Nbd7 5.Bc4 Be7 6.O-O O-O 7.Re1 c6 8.a4 a5
9.Bf1 Re8 10.h3 Bf8 11.g3 Qb6 12.Be3 exd4 13.Nxd4 Qc7 14.Bg2 Nc5 15.Bg5 Nfd7
16.b3 h6 17.Bf4 Ne6 18.Nxe6 fxe6 19.Qd2 e5 20.Be3 Nf6 21.Rad1 Be6 22.f4 exf4
23.gxf4 Bf7 24.Qf2 d5 25.Bb6 Qc8 26.exd5 Rxe1+ 27.Qxe1 Nxd5 28.Nxd5 Bxd5
29.Bxd5+ cxd5 30.Qe3 Qxc2 31.Rxd5 Qg6+ 32.Kf2 Re8 33.Re5 Rc8 34.Bxa5 b6 35.Bxb6 Rc2+
36.Ke1 Qg2 37.Kd1 Ra2 38.Qc3 Qh1+ 39.Re1 Qd5+ 40.Kc1 Qf5 41.Qc4+ Kh8 42.Re8 Ra1+
43.Kb2 Qb1+ 44.Kc3 Qc1+ 45.Kd3 Qd1+ 46.Ke3 Qg1+ 47.Kf3 Rf1+ 48.Ke4 Qg6+  0-1

[Event "1st Masters"]
[Site "Villeurbanne FRA"]
[Date "2002.09.22"]
[Round "2"]
[White "Saez,F"]
[Black "Mensch,E"]
[Result "1-0"]
[WhiteElo "2166"]
[BlackElo "2353"]

1.e4 d6 2.d4 Nf6 3.Nc3 e5 4.dxe5 dxe5 5.Qxd8+ Kxd8 6.Bg5 c6 7.O-O-O+ Ke8
8.f4 h6 9.Bxf6 gxf6 10.fxe5 fxe5 11.Nf3 Bg4 12.Be2 Bxf3 13.Bxf3 Nd7 14.Rhf1 h5
15.Be2 Bb4 16.Rf5 Bxc3 17.bxc3 Ke7 18.Bxh5 f6 19.h3 Nc5 20.Re1 Rag8 21.Bg4 Rd8
22.Rf2 Na4 23.Re3 Nc5 24.Rd2 Rdg8 25.Kd1 Rh4 26.g3 Rhxg4 27.hxg4 Rxg4 28.Rde2 Ne6
29.Rh2 Ng5 30.Rh4 Nxe4 31.Rxe4 Rxg3 32.Kd2 Ke6 33.Rh6 Rf3 34.Re3 Rf2+ 35.Re2 Rf3
36.Rh7 f5 37.Rxb7 e4 38.Rxa7 Ke5 39.Ra5+ Kf4 40.Rc5 Rf1 41.a4 Kg4 42.a5 Ra1
43.Re1  1-0

[Event "ECC"]
[Site "Halkidiki GRE"]
[Date "2002.09.23"]
[Round "2"]
[White "Steflitsch,E"]
[Black "Hautot,S"]
[Result "1-0"]
[WhiteElo "2399"]
[BlackElo "2273"]

1.e4 d6 2.d4 Nf6 3.Nc3 Nbd7 4.f4 e5 5.Nf3 exd4 6.Qxd4 c6 7.Bd2 Qb6 8.O-O-O Be7
9.Re1 O-O 10.e5 Qxd4 11.Nxd4 dxe5 12.fxe5 Ng4 13.e6 Nb6 14.Be2 Nf6 15.exf7+ Rxf7
16.Rhf1 Bd6 17.h3 Be5 18.Nf3 Bg3 19.Rd1 h6 20.Bd3 Be6 21.b3 Rd7 22.Ne2 Bd6
23.Nfd4 Bd5 24.Bxh6 Be5 25.Bg5 Bxg2 26.Bxf6 Bxf1 27.Bxe5 Bxe2 28.Nxe2 Re8
29.Bd4 Nd5 30.Nc3 Nf4 31.Bf5 Rf7 32.Bg4 b6 33.Bg1  1-0

[Event "ECC"]
[Site "Halkidiki GRE"]
[Date "2002.09.23"]
[Round "2"]
[White "Detter,P"]
[Black "Georgiev,Vl"]
[Result "0-1"]
[WhiteElo "2170"]
[BlackElo "2502"]

1.d4 d6 2.e4 Nf6 3.Nc3 e5 4.dxe5 dxe5 5.Qxd8+ Kxd8 6.Bg5 Nd7 7.Bc4 Ke8 8.Nge2 c6
9.a4 a5 10.f3 Nb6 11.Bb3 Nfd7 12.Rd1 f6 13.Be3 Bc5 14.Kf2 Bxe3+ 15.Kxe3 Nc5
16.Rd6 Ke7 17.Rhd1 Nxb3 18.cxb3 Be6 19.R6d3 Bxb3 20.Ra1 Bc2 21.g4  0-1

[Event "ECC"]
[Site "Halkidiki GRE"]
[Date "2002.09.25"]
[Round "4"]
[White "Moingt,JC"]
[Black "Georgiev,Vl"]
[Result "0-1"]
[WhiteElo "2284"]
[BlackElo "2502"]

1.e4 d6 2.d4 Nf6 3.Nc3 e5 4.Nf3 Nbd7 5.Bc4 Be7 6.O-O O-O 7.Re1 c6 8.a4 b6
9.b3 Bb7 10.Ba3 a6 11.dxe5 dxe5 12.Bd6 b5 13.axb5 cxb5 14.Bxe7 Qxe7 15.Bd5 Nxd5
16.Nxd5 Qc5 17.Re3 Bxd5 18.Qxd5 Qxd5 19.exd5 f6 20.Nd2 Rfc8 21.c4 Kf7 22.Ne4 Ke7
23.Rg3 g6 24.Rh3 h5 25.cxb5 axb5 26.Rd1 f5 27.d6+ Kf7 28.Nc3 Rc5 29.b4 Rc4
30.Nxb5 Rxb4 31.Nc7 Ra2 32.Rc3 Rd4 33.Rcc1 Rc2 34.Rb1 Rcd2 35.Rxd2 Rxd2 36.Nb5 Ke6
37.Kf1 e4 38.h3 Ne5 39.Ke1 Ra2 40.Kf1 Nd3 41.f3 e3 42.Nc3 Rf2+ 43.Kg1 Rc2
44.Rb3 Nc5 45.Ra3 e2 46.Nxe2 Rxe2 47.g4 Kxd6 48.gxh5 gxh5 49.Ra8 Ne6  0-1

[Event "1st Masters"]
[Site "Villeurbanne FRA"]
[Date "2002.09.25"]
[Round "5"]
[White "Sermier,G"]
[Black "Mensch,E"]
[Result "0-1"]
[WhiteElo "2386"]
[BlackElo "2353"]

1.e4 d6 2.d4 Nf6 3.Nc3 Nbd7 4.Nf3 e5 5.Bc4 Be7 6.Bxf7+ Kxf7 7.Ng5+ Kg8 8.Ne6 Qe8
9.Nxc7 Qg6 10.O-O Rb8 11.dxe5 dxe5 12.f4 Qh5 13.Qe1 h6 14.fxe5 Nxe5 15.Bf4 Kh7
16.Qg3 Ng6 17.N7d5 Nxf4 18.Qxf4 Nxd5 19.Nxd5 Be6 20.Qc7 Bxd5 21.exd5 Bd8
22.Qf7 Bb6+ 23.Kh1 Qxf7 24.Rxf7 Rbc8 25.c3 Rhd8 26.Rd1 Rc5 27.Rxb7 Rcxd5
28.Rxd5 Rxd5 29.h3 Rd2 30.c4 Rc2 31.b3 h5 32.g3 Kg6 33.a4 Rc3 34.a5 Bxa5
35.Rxa7 Bb4 36.Rb7 Rxb3 37.c5 Rxg3 38.Rxb4 Rxh3+ 39.Kg2 Rc3 40.Rb6+ Kf5 41.Rc6 g5
42.Rc8 Kg4 43.c6 Rc2+ 44.Kf1 Kf3 45.Ke1 g4 46.c7 Kg2 47.Kd1 Rc6 48.Ke2 g3  0-1